000 00457nam a22001457a 4500
999 _c7752
_d7750
005 20210324155946.0
008 210324b ||||| |||| 00| 0 eng d
082 _a345.408 23
100 _aMANOHAR AND CHITALEY
_96503
245 _aTHE AIR MANUAL CIVIL AND CRIMINAL [CRIMINAL P.C[1974] [SECTION-406] TO CUSTOMS ACT[1962] SECTION-127, VOL-19,
260 _aNAGPUR
_bTHE ALL INDIA REPORTER PVT.LTD.
300 _a1260,P
650 _aLAW
_95701
942 _cJRL